00586nam a22002057a 450000500170000001000130001702000100003003500130004003700160005304000120006908200150008110000270009624500990012326000330022227000510025530000230030665000130032965000190034270000190036120170124105933.0 aA-701490 c00.00 aA-701490 bCen Lib/Ret aDPLbEN a230.1bADI aAdigal, Prince Ilango  aShilappadikaram :cby Prince Ilango Adigal ; translated by Jain Danieloubthe ankle bracelet / aIndia bPenguin Books c1993 bIndia a210, Chiranjiv Tower, 43, Nehru Place  ax, 211p.c19cm(Hb) aReligion aIndian culture aDanielou, Jain